| 000 | 00409nam a2200145Ia 4500 | ||
|---|---|---|---|
| 008 | 230312s9999||||xx |||||||||||||| ||und|| | ||
| 020 | _a9781305950863 | ||
| 082 |
_a778.59 _bZET-V |
||
| 100 | _aLaudon,C,Kenneth | ||
| 245 | 0 | _aEssentials of management information systems : managing the digital firm | |
| 260 |
_bCengage _aUSA _c2018 |
||
| 300 | _a424 | ||
| 650 |
_aComputer _vTelevision cameras |
||
| 942 | _cBK | ||
| 999 |
_c17695 _d17695 |
||